Catholic University of Zimbabwe Library
Online Public Access Catalogue
(OPAC)

Challenges of conflict, democracy and development in Africa (Record no. 45461)

MARC details
000 -LEADER
fixed length control field 00817nam a22002057a 4500
008 - FIXED-LENGTH DATA ELEMENTS--GENERAL INFORMATION
fixed length control field 251120b |||||||| |||| 00| 0 eng d
020 ## - INTERNATIONAL STANDARD BOOK NUMBER
International Standard Book Number 9781920095642
040 ## - CATALOGING SOURCE
Original cataloging agency CUZ
Language of cataloging eng
Transcribing agency CUZ
Modifying agency CUZ
Description conventions rda
050 ## - LIBRARY OF CONGRESS CALL NUMBER
Classification number JZ1250.CHA
245 ## - TITLE STATEMENT
Title Challenges of conflict, democracy and development in Africa
Statement of responsibility, etc. edited by Khabele Matlosa , Jorgen Elklit and Bertha Chiroro
264 ## - PRODUCTION, PUBLICATION, DISTRIBUTION, MANUFACTURE, AND COPYRIGHT NOTICE
Place of production, publication, distribution, manufacture Economic development
Name of producer, publisher, distributor, manufacturer Economic development Africa
Date of production, publication, distribution, manufacture, or copyright notice Democracy Africa
300 ## - PHYSICAL DESCRIPTION
Extent extent xiii,377pages
500 ## - GENERAL NOTE
General note include bibliography and index
650 ## - SUBJECT ADDED ENTRY--TOPICAL TERM
Topical term or geographic name entry element Democracy Africa
-- Economic development
-- Economic development Africa
942 ## - ADDED ENTRY ELEMENTS (KOHA)
Koha item type OS Book
Item part 1250
Call number prefix JZ
336 ## - CONTENT TYPE
Content type term text
Content type code txt
337 ## - MEDIA TYPE
Media type term unmediated
Media type code n
338 ## - CARRIER TYPE
Source rdacarrier
Holdings
Withdrawn status Lost status Source of classification or shelving scheme Damaged status Not for loan Home library Current library Shelving location Date acquired Source of acquisition Cost, normal purchase price Inventory number Total Checkouts Full call number Barcode Date last seen Cost, replacement price Price effective from Koha item type
          CUZ Harare Campus CUZ Harare Campus Open Shelf 17.11.2025 Donation 60.00 CUZ16774   JZ1250.CHA BK010950 20.11.2025 60.00 20.11.2025 OS Book

OPENING HOURS

Weekdays: 0815hrs - 1800hrs
Weekends:0900hrs - 1200hrs

Closed for Mass:

Mon, Thur: 1200hrs - 1300hrs
Sunday & Public Holiday’s

CALL SUPPORT

0242-570570, 0242-570169
09200664, +263 8644140602

LOCATION

18443, Cranborne Avenue, Hatfield, Harare

Other Links


©2021 | CUZ Library